<?xml version="1.0" encoding="UTF-8"?>
<record
    xmlns:xsi="http://www.w3.org/2001/XMLSchema-instance"
    xsi:schemaLocation="http://www.loc.gov/MARC21/slim http://www.loc.gov/standards/marcxml/schema/MARC21slim.xsd"
    xmlns="http://www.loc.gov/MARC21/slim">

  <leader>02084nam a2200217   4500</leader>
  <controlfield tag="001">ESSALUD</controlfield>
  <controlfield tag="005">20260701114259.0</controlfield>
  <controlfield tag="007">ta</controlfield>
  <controlfield tag="008">      t        pe ||||| |||| 00| 0 spa d</controlfield>
  <datafield tag="040" ind1=" " ind2=" ">
    <subfield code="a">BMG</subfield>
  </datafield>
  <datafield tag="041" ind1=" " ind2=" ">
    <subfield code="a">spa</subfield>
  </datafield>
  <datafield tag="100" ind1=" " ind2=" ">
    <subfield code="a">Corte Suprema de Justicia de la Rep&#xFA;blica. Sala Civil Permanente</subfield>
    <subfield code="e">Autor</subfield>
    <subfield code="9">53005</subfield>
  </datafield>
  <datafield tag="245" ind1=" " ind2=" ">
    <subfield code="a">No puede denegarse el otorgamiento de escritura p&#xFA;blica solo por estar ante un contrato innominado</subfield>
  </datafield>
  <datafield tag="300" ind1=" " ind2=" ">
    <subfield code="a">p&#xE1;ginas 23-31</subfield>
  </datafield>
  <datafield tag="520" ind1=" " ind2=" ">
    <subfield code="a">La Sala de m&#xE9;rito ha restringido la escrituraci&#xF3;n solicitada por los demandantes al adentrarse al an&#xE1;lisis del t&#xED;tulo jur&#xED;dico, circunscribiendo el t&#xED;tulo en solo contratos nominados sin atender que el t&#xE9;rmino contrato resulta bastante amplio, omitiendo la existencia de acuerdo de voluntades dentro de dicho documento, y que no se ha declarado como t&#xED;tulo inv&#xE1;lido. Adem&#xE1;s, debe tenerse presente que el IX Pleno Casatorio Civil hace referencia al control de eficacia del negocio jur&#xED;dico que se pretende formalizar en los siguientes t&#xE9;rminos: "( ... ) IV.5. El proceso de calificaci&#xF3;n del negocio jur&#xED;dico. 21. El negocio jur&#xED;dico ha de ser portador de intereses dignos de protecci&#xF3;n Y las reglas que las partes se han impuesto a s&#xED; mismas como mecanismos para alcanzar la satisfacci&#xF3;n de aquellos intereses, han de guardar conformidad con las normas del ordenamiento jur&#xED;dico. Es as&#xED; que se habla de un proceso de calificaci&#xF3;n del negocio jur&#xED;dico que permitir&#xE1; concluir, no solo si este se ha celebrado con arreglo a derecho, sino, adem&#xE1;s, si ha producido sus efectos y si estos conservan vigor o si por alguna circunstancia no resultan exigibles o han venido a menos. Esta calificaci&#xF3;n se realiza en tres niveles: relevancia/irrelevancia, validez/invalidez y eficacia/ineficacia". </subfield>
  </datafield>
  <datafield tag="650" ind1=" " ind2=" ">
    <subfield code="a">ESCRITURAS PUBLICAS</subfield>
    <subfield code="9">53047</subfield>
  </datafield>
  <datafield tag="650" ind1=" " ind2=" ">
    <subfield code="a">CONTRATOS</subfield>
    <subfield code="9">337</subfield>
  </datafield>
  <datafield tag="650" ind1=" " ind2=" ">
    <subfield code="a">ENRIQUECIMIENTO INDEBIDO</subfield>
    <subfield code="9">53043</subfield>
  </datafield>
  <datafield tag="773" ind1="0" ind2=" ">
    <subfield code="0">22573</subfield>
    <subfield code="9">22621</subfield>
    <subfield code="d">Lima Grupo Praxis Formaci&#xF3;n Profesional, 2026-</subfield>
    <subfield code="o">PRA002</subfield>
    <subfield code="t">Praxis Civil &amp; Procesal Civil</subfield>
    <subfield code="w">ESSALUD</subfield>
    <subfield code="x">3119-7671</subfield>
  </datafield>
  <datafield tag="942" ind1=" " ind2=" ">
    <subfield code="c">ARTICULOS</subfield>
    <subfield code="e">2026-07-01</subfield>
    <subfield code="z">sqb</subfield>
  </datafield>
  <datafield tag="999" ind1=" " ind2=" ">
    <subfield code="c">22593</subfield>
    <subfield code="d">22593</subfield>
  </datafield>
</record>
